| 000 | 00615 a2200229 4500 | ||
|---|---|---|---|
| 001 | 111040 | ||
| 020 | _a9788572911658 | ||
| 041 | _apor | ||
| 082 | _aJK 808 | ||
| 100 | _aMorisson, Mauro Escocard. | ||
| 250 | _a. ed. | ||
| 300 | _a30 p. | ||
| 490 | _aBonecos do vovô | ||
| 697 | _aLiteratura infantojuvenil brasileira. | ||
| 830 | _aBonecos do vovô | ||
| 856 | _u000004/00000480.jpeg | ||
| 040 |
_aBR-BrIDEA _cBR-BrIDEA |
||
| 090 |
_aJK 808 _bMOR |
||
| 245 | 1 | 0 |
_aO pastorzinho e o lobo _badaptação da Fábula de Esopo _c Mauro Escocard Morisson |
| 260 |
_a[S.l.] _bPapa-Livro _c2011 |
||
| 942 | _cBK | ||
| 999 |
_c111040 _d111040 |
||